Łatwa geografia na mapie - Statystyki

Ogólne statystyki
  • Ten quiz został rozwiązany 59 639 razy
  • Średni wynik to 114 z 160
Odpowiedzi na mapie
Odpowiedzi zakodowano w zielono-czerwonej skali na mapie do tego quizu, zgodnie z poniższymi procentami.
 
Statystyki odpowiedzi
Rodzaj Odpowiedź % Poprawnych
Państwo Stany Zjednoczone
93%
Państwo Niemcy
92%
Państwo Rosja
90%
Państwo Francja
88%
Kontynent Australia i Oceania
87%
Państwo Hiszpania
87%
Państwo Kanada
87%
Państwo Portugalia
86%
Państwo Ukraina
86%
Państwo Włochy
86%
Państwo Australia
85%
Państwo Chiny
85%
Stolica Warszawa
85%
Państwo Wielka Brytania
85%
Państwo Brazylia
84%
Państwo Czechy
84%
Państwo Meksyk
84%
Państwo Norwegia
84%
Państwo Polska
84%
Język polski
84%
Państwo Szwecja
84%
Państwo Białoruś
83%
Państwo Dania
83%
Państwo Irlandia
83%
Państwo Litwa
83%
Państwo Estonia
82%
Państwo Finlandia
82%
Państwo Grecja
82%
Język hiszpański
82%
Państwo Islandia
82%
Państwo Argentyna
81%
Język francuski
81%
Państwo Łotwa
81%
Język niemiecki
81%
Państwo Belgia
80%
Państwo Egipt
80%
Państwo Japonia
80%
Stolica Moskwa
80%
Język rosyjski
80%
Państwo Słowacja
80%
Państwo Turcja
80%
Język włoski
80%
Państwo Austria
79%
Państwo Chile
79%
Język czeski
79%
Państwo Holandia
79%
Stolica Londyn
79%
Stolica Madryt
79%
Stolica Paryż
79%
Język portugalski
79%
Państwo Rumunia
79%
Język ukraiński
79%
Język angielski
78%
Stolica Berlin
78%
Kontynent Europa
78%
Język grecki
78%
Państwo Indie
78%
Państwo Szwajcaria
78%
Kontynent Azja
77%
Państwo Chorwacja
77%
Państwo Kazachstan
77%
Stolica Rzym
77%
Kontynent Afryka
76%
Kontynent Ameryka Północna
76%
Stolica Kijów
76%
Kontynent Ameryka Południowa
75%
Państwo Madagaskar
75%
Język norweski
75%
Państwo Rep. Płd. Afryki
75%
Państwo Węgry
75%
Dawne państwo Czechosłowacja
74%
Język estoński
74%
Państwo Korea Północna
74%
Państwo Korea Południowa
74%
Państwo Mongolia
74%
Język słowacki
74%
Państwo Słowenia
74%
Państwo Albania
73%
Język duński
73%
Miasto Gdańsk
73%
Stolica Lizbona
73%
Państwo Maroko
73%
Język rumuński
73%
Państwo Watykan
73%
Państwo Andora
72%
Państwo Bośnia i Hercegowina
72%
Państwo Bułgaria
72%
Państwo Arabia Saudyjska
71%
Stolica Ateny
71%
Miasto Kraków
71%
Państwo Luksemburg
71%
Państwo Monako
71%
Państwo Peru
71%
Państwo San Marino
71%
Państwo Serbia
71%
Państwo Iran
70%
Państwo Kosowo
70%
Stolica Oslo
70%
Kontynent Antarktyda
69%
Państwo Czarnogóra
69%
Stolica Dublin
69%
Państwo Irak
69%
Państwo Kolumbia
69%
Morze Morze Bałtyckie
69%
Stolica Amsterdam
68%
Miasto Gdynia
68%
Państwo Liechtenstein
68%
Państwo Macedonia Północna
68%
Stolica Praga
68%
Dawne państwo Związek Radziecki
68%
Państwo Algieria
67%
Miasto Łódź
67%
Państwo Urugwaj
67%
Państwo Nowa Zelandia
66%
Miasto Nowy Jork
66%
Państwo Kuba
65%
Miasto Poznań
65%
Miasto Szczecin
65%
Miasto Wrocław
65%
Państwo D. R. Konga
64%
Morze Morze Czarne
64%
Miasto Barcelona
63%
Państwo Oman
63%
Państwo Niger
62%
Stolica Wiedeń
62%
Państwo Wietnam
62%
Stolica Wilno
62%
Miasto Białystok
61%
Miasto Lublin
61%
Stolica Reykjavik
61%
JPA Woj. mazowieckie
61%
JPA Woj. pomorskie
61%
Państwo Cypr
60%
Miasto Katowice
60%
Państwo Tajlandia
60%
Dawne państwo Jugosławia
59%
Państwo Malta
58%
Rzeka Nil
58%
JPA Woj. śląskie
58%
JPA Teksas
57%
JPA Woj. lubelskie
57%
JPA Woj. małopolskie
57%
JPA Woj. wielkopolskie
57%
JPA Woj. zachodniopomorskie
57%
JPA Woj. dolnośląskie
56%
JPA Woj. lubuskie
56%
JPA Woj. podlaskie
56%
JPA Woj. warmińsko-mazurskie
55%
Stolica Bratysława
54%
Państwo Izrael
54%
Miasto Los Angeles
54%
Góra Mount Everest
54%
Państwo Panama
54%
Stolica Ottawa
53%
JPA Woj. opolskie
53%
JPA Woj. łódzkie
52%
Miasto Monachium
49%
Dawne państwo Austro-Węgry
45%
Rzeka Dunaj
42%
Miasto Gniezno
26%
Nie znaleziono quizów pasujących do podanych kryteriów
Rozkład punktacji
Procent ludzi z każdym wynikiem
Percentyl według liczby udzielonych odpowiedzi
Twoja historia wyników
Nie rozwiązałeś tego quizu